[Event "4NCL Div 1 2018-19"]
[Site "Daventry"]
[Date "2018.11.11"]
[Round "2"]
[White "White, Stuart A"]
[Black "Zeidler, Sven P."]
[Result "1-0"]
[WhiteElo "2113"]
[BlackElo "2179"]
[Annotator "TA"]
[PlyCount "71"]
[EventDate "2018.11.10"]
[EventType "team-tourn"]
[EventCountry "GBR"]
[SourceTitle "playchess.com"]
[Source "ChessBase"]
[SourceQuality "1"]

{[%evp 17,71,6,22,14,36,32,124,110,108,100,184,179,158,170,176,172,161,191,173,81,160,99,101,0,0,-31,0,-106,-108,-95,0,0,0,-29,-26,-16,159,16,29,0,412,421,413,397,29990,29990,29986,29987,29992,29993,29993,29994,29994,29995,29995,29996]} 1. d4 f5 2. Nc3 Nf6 3. Bg5 d5 4. Bxf6 exf6 5. e3 Be6 6. Qf3 Qd7 {A80: Dutch Defence: Unusual White second moves} 7. Bb5 (7. a3 Nc6 8. Bb5 a6 9. Ba4 b5 10. Bb3 Rd8 11. Nge2 Na5 12. Nf4 c6 13. a4 b4 14. Nce2 {1-0 (59) Bruzon Batista,L (2679)-Anton Guijarro,D (2616) Dubai 2016}) 7... Nc6 8. Nge2 {[%cal Bg1e2,Be2f4,Bf4d3,Bd3c5][%mdl 32]} O-O-O 9. Nf4 g6 {LiveBook: 3 Games} 10. a3 a6 11. Ba4 b5 $146 ({Black should try} 11... Bh6 $14) ({Predecessor:} 11... Kb8 12. O-O Bf7 13. b4 g5 14. Nd3 {½-½ (29) Cattaneo,M (2151)-Ceccarini,M (2094) Bratto 2014}) 12. Bb3 $16 Ne7 13. Nd3 g5 (13... Nc6 $16) 14. Nc5 $18 Qc6 15. Na2 a5 16. Qe2 Bf7 17. a4 b4 18. Nc1 (18. c3 $18 {and White stays clearly on top.}) 18... h5 (18... f4 $142) 19. N1d3 (19. O-O $142) 19... f4 $16 {[%cal Bf5f4,Bf4f3][%mdl 32]} 20. O-O-O ({And not} 20. exf4 Nf5 $17) ({Better is} 20. O-O $16) 20... Nf5 $11 21. g4 Nh4 22. e4 (22. h3 $11 {remains equal.}) 22... f3 $17 23. Qd2 dxe4 (23... hxg4 $17 {White must now prevent ...Ng2.} 24. e5 Re8 25. exf6 Qxf6) 24. Bxf7 $11 exd3 25. Nb3 dxc2 ({Much weaker is} 25... Qxa4 $6 26. Qxd3 Kb8 27. gxh5 $16) 26. Qxc2 Qxa4 $2 {[#]} ({Black should play} 26... Qxc2+ $11 27. Kxc2 hxg4) 27. Be6+ (27. Qc4 $1 $16 {[%cal Rc4a6]} Kb7 28. Kd2) 27... Kb8 28. Kb1 Rd6 $2 {[%mdl 8192]} (28... hxg4 $11 29. Qc4 c6) 29. Rc1 $18 c6 {[#]} 30. d5 $1 {[%cal Bd4d5,Bd5e6][%mdl 544]} Bg7 $2 (30... Be7 $18 31. gxh5 f5 32. dxc6 Rxe6) (30... cxd5 31. Qc8+) 31. Qc5 {White mates.} Rxe6 32. dxe6 Qxb3 33. Qb6+ Ka8 34. Qxc6+ Kb8 35. Qb6+ Ka8 36. Rc7 {Precision: White = 49%, Black = 27%.} 1-0

[Event "4NCL Div 1 2018-19"]
[Site "Daventry"]
[Date "2018.11.11"]
[Round "2"]
[White "Yurenok, Maria S"]
[Black "Dong, Bao Nghia"]
[Result "0-1"]
[WhiteElo "2005"]
[BlackElo "2144"]
[Annotator "NA"]
[PlyCount "70"]
[EventDate "2018.11.10"]
[EventType "team-tourn"]
[EventCountry "GBR"]
[SourceTitle "playchess.com"]
[Source "ChessBase"]
[SourceQuality "1"]
[TimeControl "40/6000+30:3000+30"]

1. d4 {[%emt 0:00:24]} Nf6 {[%emt 0:00:19]} 2. Nf3 {[%emt 0:00:22]} g6 {[%emt 0:03:10]} 3. Bg5 {[%emt 0:09:08]} Bg7 {[%emt 0:00:23]} 4. Nbd2 {[%emt 0:00:12]} c5 {[%emt 0:00:28]} 5. Bxf6 {[%emt 0:00:38]} Bxf6 {[%emt 0:00:36]} 6. Ne4 {[%emt 0:00:31]} Qb6 {[%emt 0:00:30]} 7. Nxc5 {[%emt 0:21:12]} Qxb2 {[%emt 0:01:51]} 8. e3 {[%emt 0:10:12]} Nc6 {[%emt 0:01:11]} 9. a3 {[%emt 0:27:01]} Qc3+ {[%emt 0:04:39]} 10. Nd2 {[%emt 0:00:49]} d5 {[%emt 0:00:50]} 11. Bd3 {[%emt 0:11:34]} e5 {[%emt 0:00:48]} 12. dxe5 {[%emt 0:06:04]} Nxe5 {[%emt 0:00:52]} 13. Bb5+ {[%emt 0:02:05]} Kf8 {[%emt 0:00:08]} 14. Ncb3 {[%emt 0:02:21]} Nc4 {[%emt 0:00:17]} 15. Ra2 {[%emt 0:07:08]} Bf5 {[%emt 0:08:09]} 16. O-O {[%emt 0:01:30]} Rd8 {[%emt 0:02:28]} 17. Nb1 {[%emt 0:02:35]} Qe5 {[%emt 0:00:06]} 18. Nd4 {[%emt 0:00:22]} Nxe3 {[%emt 0:00:16]} 19. Nf3 {[%emt 0:03:37]} Nxd1 {[%emt 0:01:54]} 20. Nxe5 {[%emt 0:00:05]} Nxf2 {[%emt 0:01:07]} 21. Nxf7 {[%emt 0:01:46]} Nh3+ {[%emt 0:00:11]} 22. Kh1 {[%emt 0:00:51]} Kxf7 {[%emt 0:00:12]} 23. gxh3 {[%emt 0:00:26]} Be4+ {[%emt 0:01:00]} 24. Kg1 {[%emt 0:00:10]} Kg7 {[%emt 0:00:05]} 25. Kf2 {[%emt 0:00:43]} a6 {[%emt 0:01:03]} 26. Bd3 {[%emt 0:00:08]} Bd4+ {[%emt 0:02:18]} 27. Ke2 {[%emt 0:00:27]} Bg2 {[%emt 0:00:09]} 28. Rf4 {[%emt 0:00:49]} Rhe8+ {[%emt 0:00:34]} 29. Kd1 {[%emt 0:00:11]} Be3 {[%emt 0:00:09]} 30. Rb4 {[%emt 0:00:12]} Bf3+ {[%emt 0:00:10]} 31. Be2 {[%emt 0:00:12]} Bxe2+ {[%emt 0:00:10]} 32. Kxe2 {[%emt 0:00:02]} Bc5+ {[%emt 0:00:07]} 33. Kd3 {[%emt 0:00:10]} Bxb4 {[%emt 0:00:13]} 34. axb4 {[%emt 0:00:03]} d4 {[%emt 0:00:14]} 35. Nd2 {[%emt 0:00:49]} Re3+ {[%emt 0:01:55]} 0-1

[Event "4NCL Div 1 2018-19"]
[Site "Daventry"]
[Date "2018.11.11"]
[Round "2"]
[White "Serbanescu, Diana-Maria"]
[Black "Eggleston, David J"]
[Result "1/2-1/2"]
[WhiteElo "2000"]
[BlackElo "2408"]
[Annotator "TA"]
[PlyCount "122"]
[EventDate "2018.11.10"]
[EventType "team-tourn"]
[EventCountry "GBR"]
[SourceTitle "playchess.com"]
[Source "ChessBase"]
[SourceQuality "1"]

{[%evp 23,122,-10,0,-29,-23,-28,-20,-22,-27,-31,-10,-83,-20,-28,-25,-47,-31,-75,-42,-44,0,-58,0,0,0,0,0,0,0,0,0,0,0,0,0,-8,0,0,0,0,24,-10,-7,-7,-14,0,0,-132,0,0,114,100,161,27,13,-379,0,-61,-68,-63,-47,-79,-71,-76,-20,-37,-14,-37,-41,-34,-12,-19,-20,-22,-22,-26,-27,-36,0,0,0,0,0,0,0,0,0,0,0,0,0,0,0,0,0,0,8,6,6,6,8]} 1. e4 {[%cal Be2e4,Be4e5][%mdl 32]} e6 2. d4 d5 3. Nc3 Nf6 4. e5 Nfd7 5. f4 c5 6. Nf3 Nc6 7. Be3 Be7 8. Qd2 O-O 9. Be2 {C11: French: Classical System: 4 e5 and 4 Bg5 dxe4} a6 10. O-O b5 11. Nd1 b4 (11... Qb6 12. c3 a5 13. Bf2 f5 14. exf6 Nxf6 15. dxc5 Bxc5 16. Bxc5 Qxc5+ 17. Qe3 Qxe3+ 18. Nxe3 {½-½ (53) Swiercz,D (2663)-Nyzhnyk,I (2605) Philadelphia 2018}) 12. Nf2 a5 {LiveBook: 18 Games} 13. Bb5 Qb6 14. Bxc6 Qxc6 15. dxc5 Nxc5 16. Nd4 Qc7 17. a4 $146 (17. Rfc1 $11) 17... Bd7 (17... bxa3 $17 18. Nb5 Qb8 19. Nxa3 Ba6) 18. b3 $11 f6 19. Nf3 Be8 20. Rfe1 Bg6 21. Rac1 Rad8 22. Nd4 (22. Bd4 $11) 22... Rde8 (22... fxe5 $15 23. fxe5 Rc8) 23. Nb5 Qd7 24. Bd4 Rc8 25. Qe3 fxe5 26. Bxe5 Ne4 27. Nd3 Kh8 28. Kh1 Bh4 29. Rf1 Bd8 30. Bd4 Bf6 31. Ne5 Qe8 32. Bb6 Bxe5 33. fxe5 Rxf1+ 34. Rxf1 Rxc2 35. Nc7 {[#]} (35. Nd4 $11 {remains equal.} Rc3 36. Qe1) 35... Qe7 {[#]} (35... Qc8 $1 $17 36. Nb5 (36. Nxe6 Nd2 $17) 36... h6) 36. Nxe6 $1 {[%mdl 512]} Rc8 (36... h6 $11 {keeps the balance.} 37. Nf4 Bf5) (36... Qxe6 37. Rf8+) 37. Nf4 $16 Re8 (37... Bf5 $16) 38. Qh3 ({Much less strong is} 38. Nxd5 $6 Qxe5 39. Nc7 Rc8 $16) ({White should try} 38. Bxa5 $18 {Strongly threatening e6.} Qxe5 39. Nxg6+ (39. Bxb4 Bf5 $16) 39... hxg6 40. Bxb4) 38... Kg8 $11 39. Nxd5 $2 {[%mdl 8192]} (39. Bd4 $11) 39... Qxe5 $2 (39... Qb7 $19 40. Ne3 Qxb6) 40. Nc7 {[#]} (40. Qd7 $11 Qe6 41. Qxe6+ Rxe6 42. Bxa5) 40... Nf2+ $1 $15 {[%mdl 512]} 41. Bxf2 Qxc7 42. Bd4 Qd6 43. Bg1 Qd5 (43... h6 $17 44. Qf3 Kh7) 44. Qg3 $11 Qd3 (44... Bc2 {with more complications.} 45. Rf3 Be4 46. Re3 h6 47. Qg4 Re6) 45. Qxd3 (45. Rf3 {seems wilder.} Qd8 46. Re3 Be4 47. Qf4 Bd5 48. Rg3) 45... Bxd3 {[%mdl 4096] Endgame KRB-KRB} 46. Rf3 Bc2 47. h3 Re1 48. Kh2 Rb1 49. Bb6 Bxb3 {And now ...Rb2 would win.} 50. Bxa5 Bc2 51. Rf4 {The position is equal.} b3 52. Bc3 Rd1 53. a5 {[%cal Ba4a5,Ba5a6,Ba6a7][%mdl 32]} Rd3 54. Bb2 Rd6 55. Ba3 Rd8 56. a6 Ra8 57. a7 $1 h6 58. Rf8+ $1 Rxf8 59. Bxf8 Be4 60. Ba3 Kf7 61. Kg3 Ke6 {Precision: White = 48%, Black = 49%.} 1/2-1/2

[Event "4NCL Div 1 2018-19"]
[Site "Daventry"]
[Date "2018.11.11"]
[Round "2"]
[White "Pozimski, Szymon"]
[Black "Dunn, Andrew"]
[Result "1-0"]
[WhiteElo "1999"]
[BlackElo "2155"]
[Annotator "TA"]
[PlyCount "123"]
[EventDate "2018.11.10"]
[EventType "team-tourn"]
[EventCountry "GBR"]
[SourceTitle "playchess.com"]
[Source "ChessBase"]
[SourceQuality "1"]

{[%evp 10,123,16,14,14,0,0,0,0,-7,16,14,21,-3,28,24,29,3,16,19,17,4,12,0,7,-12,9,3,16,14,14,0,0,-20,-25,-53,-31,-26,-25,-50,-45,-74,-83,-65,-68,-68,-67,-70,-58,-70,-45,-59,-53,-46,-45,-54,-29,-25,46,22,96,93,192,186,177,133,174,160,166,162,247,250,311,308,331,287,282,284,296,292,314,285,320,310,330,329,366,360,358,351,358,361,404,402,423,413,406,387,387,376,361,245,425,413,495,483,547,540,760,740,739,718,689,673,602,564]} 1. Nf3 d5 2. b3 Nf6 3. Bb2 Bg4 4. e3 Nbd7 5. Be2 e6 6. O-O {LiveBook: 44 Games} h6 {A06: Réti Opening:1 Nf3 d5} (6... Bd6 7. c4 O-O 8. Nc3 c6 9. d3 Qe7 10. Re1 e5 11. cxd5 cxd5 12. h3 Be6 13. Nb5 Bb4 14. Rf1 Bf5 15. Nh4 Bg6 16. Nxg6 hxg6 {0-1 (33) Wallner,J (2336)-Narciso Dublan,M (2483) Barcelona 2018}) 7. Ne5 Nxe5 8. Bxe5 Bf5 $146 {The position is equal.} ({Predecessor:} 8... Bxe2 9. Qxe2 Bd6 10. f4 O-O 11. Nc3 a6 12. Nd1 Bxe5 13. fxe5 Nd7 14. d4 {0-1 (36) Hernandez Guerrero,Y (2225)-Marrero Lopez,Y (1991) Turin 2006}) 9. d4 Nd7 10. Bg3 Be7 11. Nd2 Bf6 12. Nf3 O-O 13. Qd2 Re8 14. Rac1 c6 15. Rfd1 Be4 16. Qe1 Be7 17. Bd3 Nf6 18. Ne5 Ba3 19. Rb1 Bd6 20. Qe2 Bxd3 21. Rxd3 Ne4 22. Nf3 Bxg3 23. hxg3 Qa5 24. c3 c5 {[%cal Bc6c5,Bc5c4][%mdl 32] Strongly threatening ...c4.} 25. Qb2 c4 26. b4 Qa4 27. Rdd1 b5 28. Nd2 Nd6 29. Ra1 Qa6 30. a4 bxa4 31. Qc2 a3 32. Nb1 Nb5 {[#]} 33. Nxa3 $1 {[%mdl 512]} Nxa3 ({Black should play} 33... Nd6 $11) 34. Qb2 $14 Qb5 (34... Qb7 $1 $11 35. Qxa3 a6) 35. Rxa3 $16 e5 (35... Re7 $16) 36. dxe5 Rxe5 37. Rda1 {[%cal Bd1a1,Ba1a5,Ba5d5][%mdl 32]} a6 38. Qd2 Qb6 39. Ra5 {[%cal Ba3a5,Ba5d5,Bd5d4][%mdl 32]} f6 (39... Qb7 {was called for.} 40. Qa2 Re6) 40. Rxd5 $18 Re6 41. Raa5 Rc8 42. Qd4 Qxd4 43. Rxd4 {[%mdl 4096] Endgame KRR-KRR} ({Don't play} 43. exd4 $6 Kf7 $18) 43... Rec6 44. Kf1 Kf8 45. Ke2 Ke7 46. Rad5 R8c7 47. e4 Rb7 48. Ke3 Rbc7 49. Ra5 Kf7 50. Rdd5 Ke6 51. Kd4 Ke7 52. Rac5 Rxc5 53. Rxc5 {KR-KR} ({Less strong is} 53. bxc5 a5 $18) 53... Rd7+ 54. Kxc4 Rd2 55. Rf5 g6 $2 {[#]} (55... Re2 56. Kd3 Ra2) 56. Rf3 Ke6 57. Kc5 {White is clearly winning.} Ke5 58. c4 {[%cal Bc3c4,Bc4b5][%mdl 32]} Rb2 59. b5 axb5 60. cxb5 Rc2+ 61. Kb6 h5 62. Kb7 {Precision: White = 56%, Black = 37%.} 1-0

[Event "4NCL Div 1 2018-19"]
[Site "Daventry"]
[Date "2018.11.11"]
[Round "2"]
[White "Smith, Lynda"]
[Black "Matta, Francesca"]
[Result "1-0"]
[WhiteElo "1930"]
[BlackElo "1931"]
[Annotator "NA"]
[PlyCount "47"]
[EventDate "2018.11.10"]
[EventType "team-tourn"]
[EventCountry "GBR"]
[SourceTitle "playchess.com"]
[Source "ChessBase"]
[SourceQuality "1"]
[TimeControl "40/6000+30:3000+30"]

1. e4 {[%emt 0:00:00]} c5 {[%emt 0:00:00]} 2. Nc3 {[%emt 0:00:00]} d6 {[%emt 0:00:25]} 3. g3 {[%emt 0:00:00]} Nc6 {[%emt 0:00:13]} 4. Bg2 {[%emt 0:00:00]} g6 {[%emt 0:00:25]} 5. d3 {[%emt 0:00:01]} Bg7 {[%emt 0:00:06]} 6. Be3 {[%emt 0:00:21]} e6 {[%emt 0:00:37]} 7. Qd2 {[%emt 0:00:11]} Nge7 {[%emt 0:01:09]} 8. Bh6 {[%emt 0:00:56]} O-O {[%emt 0:04:29]} 9. h4 {[%emt 0:01:15]} f5 {[%emt 0:33:42]} 10. Bxg7 {[%emt 0:01:47]} Kxg7 {[%emt 0:00:14]} 11. h5 {[%emt 0:01:38]} Qe8 {[%emt 0:06:35]} 12. Nf3 {[%emt 0:03:07]} gxh5 {[%emt 0:06:37]} 13. Nb5 {[%emt 0:02:33]} Qd8 {[%emt 0:11:47]} 14. Qg5+ {[%emt 0:01:55]} Ng6 {[%emt 0:00:48]} 15. Qxh5 {[%emt 0:01:05]} Rh8 {[%emt 0:00:30]} 16. Qh6+ {[%emt 0:01:57]} Kf6 {[%emt 0:05:17]} 17. Ng5 {[%emt 0:03:48]} a6 {[%emt 0:01:41]} 18. Nc3 {[%emt 0:00:54]} Nd4 {[%emt 0:07:54]} 19. O-O-O {[%emt 0:03:09]} Rb8 {[%emt 0:01:45]} 20. Nxh7+ {[%emt 0:03:16]} Kf7 {[%emt 0:00:15]} 21. exf5 {[%emt 0:07:44]} Nxf5 {[%emt 0:03:54]} 22. Ng5+ {[%emt 0:04:30]} Kf6 {[%emt 0:00:36]} 23. Nce4+ {[%emt 0:00:30]} Ke7 {[%emt 0:00:30]} 24. Qxg6 {[%emt 0:00:30]} 1-0